Installing fire protection to structural steelwork (Record no. 115991)

MARC details
000 -LEADER
fixed length control field 01340cam a22003015a 4500
001 - CONTROL NUMBER
control field L159551
008 - FIXED-LENGTH DATA ELEMENTS--GENERAL INFORMATION
fixed length control field 130129s2017 xxk f 000 0 eng d
020 ## - INTERNATIONAL STANDARD BOOK NUMBER
International Standard Book Number 9781848064690
035 ## - SYSTEM CONTROL NUMBER
System control number (Sirsi) u159551
041 0# - LANGUAGE CODE
Language code of text/sound track or separate title eng
050 04 - LIBRARY OF CONGRESS CALL NUMBER
Classification number 693.82 $2 18
100 1# - MAIN ENTRY--PERSONAL NAME
Personal name Lennon, Tom
245 00 - TITLE STATEMENT
Title Installing fire protection to structural steelwork
260 ## - PUBLICATION, DISTRIBUTION, ETC.
Place of publication, distribution, etc. Watford
Name of publisher, distributor, etc. BRE
Date of publication, distribution, etc. 2017
300 ## - PHYSICAL DESCRIPTION
Extent 7p.
Other physical details ill.
Dimensions 30cm.
490 #0 - SERIES STATEMENT
Series statement BRE Good Building Guide
Volume/sequential designation (GG 85)
520 ## - SUMMARY, ETC.
Summary, etc. Discusses the importance of correctly installing passive and reactive fire protection to structural steelwork to ensure the anticipated performance can be realised in the event of a fire. It identifies key issues for the guidance of specifiers, manufacturers, contractors and approval authorities and includes useful references to more comprehensive guidance documents. The guide highlights the importance of adequate testing, product quality, installation, maintenance and the critical role of third-party certification schemes.
521 ## - TARGET AUDIENCE NOTE
Target audience note Advanced
590 ## - LOCAL NOTE (RLIN)
Local note KA
650 24 - SUBJECT ADDED ENTRY--TOPICAL TERM
Topical term or geographic name entry element FIRE PROTECTION
650 24 - SUBJECT ADDED ENTRY--TOPICAL TERM
Topical term or geographic name entry element STRUCTURAL STEEL
651 #4 - SUBJECT ADDED ENTRY--GEOGRAPHIC NAME
Geographic name ENGLAND AND WALES
690 ## - LOCAL SUBJECT ADDED ENTRY--TOPICAL TERM (OCLC, RLIN)
Topical term or geographic name as entry element MANAGEMENT-HEALTH AND SAFETY-FIRE SAFETY-FIRE SAFETY ENGINEERING
690 ## - LOCAL SUBJECT ADDED ENTRY--TOPICAL TERM (OCLC, RLIN)
Topical term or geographic name as entry element Health and safety
9 (RLIN) 6244
700 1# - ADDED ENTRY--PERSONAL NAME
Personal name Stewart, Ian
700 ## - ADDED ENTRY--PERSONAL NAME
Personal name Russell, Andy
942 ## - ADDED ENTRY ELEMENTS (KOHA)
Suppress in OPAC 0
Holdings
Withdrawn status Lost status Source of classification or shelving scheme Damaged status Not for loan Home library Current library Shelving location Date acquired Total Checkouts Full call number Barcode Date last seen Copy number Price effective from Koha item type
    Dewey Decimal Classification     London London BRE publications 31/08/2017   ENQUIRY DESK 30078579 06/08/2019 1 06/08/2019 Book